<?xml version="1.0" encoding="UTF-8"?><?xml-stylesheet type="text/xsl" href="static/style.xsl"?><OAI-PMH xmlns="http://www.openarchives.org/OAI/2.0/" xmlns:xsi="http://www.w3.org/2001/XMLSchema-instance" xsi:schemaLocation="http://www.openarchives.org/OAI/2.0/ http://www.openarchives.org/OAI/2.0/OAI-PMH.xsd"><responseDate>2026-04-29T06:16:04Z</responseDate><request verb="GetRecord" identifier="oai:repisalud.isciii.es:20.500.12105/18069" metadataPrefix="marc">https://repisalud.isciii.es/rest/oai/request</request><GetRecord><record><header><identifier>oai:repisalud.isciii.es:20.500.12105/18069</identifier><datestamp>2024-11-28T14:50:07Z</datestamp><setSpec>com_20.500.12105_15322</setSpec><setSpec>com_20.500.12105_2051</setSpec><setSpec>col_20.500.12105_16927</setSpec></header><metadata><record xmlns="http://www.loc.gov/MARC21/slim" xmlns:dcterms="http://purl.org/dc/terms/" xmlns:doc="http://www.lyncode.com/xoai" xmlns:xsi="http://www.w3.org/2001/XMLSchema-instance" xsi:schemaLocation="http://www.loc.gov/MARC21/slim http://www.loc.gov/standards/marcxml/schema/MARC21slim.xsd">
   <leader>00925njm 22002777a 4500</leader>
   <datafield ind2=" " ind1=" " tag="042">
      <subfield code="a">dc</subfield>
   </datafield>
   <datafield ind2=" " ind1=" " tag="720">
      <subfield code="a">Padilla-Galo, A.</subfield>
      <subfield code="e">author</subfield>
   </datafield>
   <datafield ind2=" " ind1=" " tag="720">
      <subfield code="a">Levy-Abitbol, RCh.</subfield>
      <subfield code="e">author</subfield>
   </datafield>
   <datafield ind2=" " ind1=" " tag="720">
      <subfield code="a">Olveira, C.</subfield>
      <subfield code="e">author</subfield>
   </datafield>
   <datafield ind2=" " ind1=" " tag="720">
      <subfield code="a">Valencia Azcona, B.</subfield>
      <subfield code="e">author</subfield>
   </datafield>
   <datafield ind2=" " ind1=" " tag="720">
      <subfield code="a">Pérez Morales, M.</subfield>
      <subfield code="e">author</subfield>
   </datafield>
   <datafield ind2=" " ind1=" " tag="720">
      <subfield code="a">Rivas-Ruiz, F.</subfield>
      <subfield code="e">author</subfield>
   </datafield>
   <datafield ind2=" " ind1=" " tag="720">
      <subfield code="a">Tortajada-Goitia, B.</subfield>
      <subfield code="e">author</subfield>
   </datafield>
   <datafield ind2=" " ind1=" " tag="720">
      <subfield code="a">Moya-Carmona, I.</subfield>
      <subfield code="e">author</subfield>
   </datafield>
   <datafield ind2=" " ind1=" " tag="720">
      <subfield code="a">Levy-Naon, A.</subfield>
      <subfield code="e">author</subfield>
   </datafield>
   <datafield ind2=" " ind1=" " tag="260">
      <subfield code="c">2020-06-29</subfield>
   </datafield>
   <datafield ind2=" " ind1=" " tag="520">
      <subfield code="a">Background: Benralizumab is a monoclonal antibody that binds to the human interleukin-5 (IL-5) receptor (IL-5R), thereby preventing IL-5 from binding to its receptor and inhibiting differentiation and maturation of eosinophils in the bone marrow. Because of its recent marketing approval, sufficient real-life evidence is lacking to confirm the efficacy and safety data from clinical trials. The purpose of this study was to evaluate the efficacy and safety of benralizumab for the treatment of severe refractory eosinophilic asthma in a real-world cohort of patients. Methods: This was a cross-sectional multicentre study of consecutive patients with severe refractory eosinophilic asthma who received treatment with benralizumab during at least 6 months. Patient follow-up was performed in specialised severe asthma units. Results: A total of 42 patients were enrolled and treated with benralizumab. Asthma control, as measured by the asthma control test (ACT), improved in all patients both at 3 months of treatment compared with baseline (13.9 ± 4 vs 20.1 ± 3.7, p &lt; 0.001) and at 6 months of treatment compared with the results obtained at 3 months (20.1 ± 3.7 vs 21 ± 2.7, p = 0.037). Similarly, the number of emergency department visits decreased both at 3 months compared with baseline (1 [IR:0.7] vs 0 [IR:0.75], p &lt; 0.001) and at 6 months compared with the results at 3 months (0 [IR:0.75] vs 0 [IR:0], p = 0.012). Reductions in the number of oral corticosteroid cycles, percentage of corticosteroiddependent patients, and mean daily dose of oral or inhaled corticosteroid were also evidenced. Finally, mean lung function improvement was 291 mL (p &lt; 0.001), and FEV1% improved both at 3 months compared with baseline(64.4 ± 9.3 vs 73.1 ± 9.1, p &lt; 0.001) and at 6 months compared to 3 months (73.1 ± 9.1 vs 76.1 ± 12, p = 0.002). Side effects were mild and did not lead to treatment discontinuation. Conclusions: This study confirms the efficacy and safety of benralizumab in a real-life setting with improved asthma control and lung function, and a reduced oral and inhaled corticosteroid use as well as fewer emergency department visits. In addition to a rapid initial improvement, it appears that patients continue to improve during the first 6 months of treatment.</subfield>
   </datafield>
   <datafield ind1="8" ind2=" " tag="024">
      <subfield code="a">http://hdl.handle.net/10668/4284</subfield>
   </datafield>
   <datafield ind1="8" ind2=" " tag="024">
      <subfield code="a">http://hdl.handle.net/20.500.12105/18069</subfield>
   </datafield>
   <datafield ind1="8" ind2=" " tag="024">
      <subfield code="a">32600318</subfield>
   </datafield>
   <datafield ind1="8" ind2=" " tag="024">
      <subfield code="a">10.1186/s12890-020-01220-9</subfield>
   </datafield>
   <datafield ind1="8" ind2=" " tag="024">
      <subfield code="a">1471-2466</subfield>
   </datafield>
   <datafield ind1="8" ind2=" " tag="024">
      <subfield code="a">BMC Pulmonary Medicine</subfield>
   </datafield>
   <datafield tag="653" ind2=" " ind1=" ">
      <subfield code="a">Asthma</subfield>
   </datafield>
   <datafield tag="653" ind2=" " ind1=" ">
      <subfield code="a">Benralizumab</subfield>
   </datafield>
   <datafield tag="653" ind2=" " ind1=" ">
      <subfield code="a">Eosinophils</subfield>
   </datafield>
   <datafield tag="653" ind2=" " ind1=" ">
      <subfield code="a">Biologics</subfield>
   </datafield>
   <datafield tag="653" ind2=" " ind1=" ">
      <subfield code="a">Severe asthma</subfield>
   </datafield>
   <datafield tag="653" ind2=" " ind1=" ">
      <subfield code="a">Eosinophilic asthma</subfield>
   </datafield>
   <datafield tag="653" ind2=" " ind1=" ">
      <subfield code="a">Real-life</subfield>
   </datafield>
   <datafield tag="653" ind2=" " ind1=" ">
      <subfield code="a">Asma</subfield>
   </datafield>
   <datafield tag="653" ind2=" " ind1=" ">
      <subfield code="a">Eosinófilos</subfield>
   </datafield>
   <datafield tag="653" ind2=" " ind1=" ">
      <subfield code="a">Productos biológicos</subfield>
   </datafield>
   <datafield tag="653" ind2=" " ind1=" ">
      <subfield code="a">Andalucía</subfield>
   </datafield>
   <datafield ind2="0" ind1="0" tag="245">
      <subfield code="a">Real-life experience with benralizumab during 6 months</subfield>
   </datafield>
</record></metadata></record></GetRecord></OAI-PMH>